Online
Catalog

De mi lira popular / (Record no. 10988)

MARC details
000 -CABECERA
campo de control de longitud fija 00731nam a2200241 a 4500
001 - NÚMERO DE CONTROL
campo de control 000011271
003 - IDENTIFICADOR DEL NÚMERO DE CONTROL
campo de control OSt
005 - FECHA Y HORA DE LA ÚLTIMA TRANSACCIÓN
campo de control 20240412074225.0
008 - DATOS DE LONGITUD FIJA--INFORMACIÓN GENERAL
campo de control de longitud fija 091015s1952 dr c 000 p spa d
040 ## - FUENTE DE LA CATALOGACIÓN
Centro catalogador/agencia de origen DO-SdBNP
Lengua de catalogación spa
Centro/agencia transcriptor DO-SdBNP
082 ## - NÚMERO DE LA CLASIFICACIÓN DECIMAL DEWEY
Número de clasificación RD861.44
Número de documento/Ítem R696d,1952
Número de edición 22
100 1# - ENTRADA PRINCIPAL--NOMBRE DE PERSONA
Nombre de persona Rodríguez V., Severino A.
9 (RLIN) 26846
245 10 - MENCIÓN DE TÍTULO
Título De mi lira popular /
Mención de responsabilidad, etc. Severino V. Rodríguez V.
250 ## - MENCIÓN DE EDICIÓN
Mención de edición 2a ed.
260 ## - PUBLICACIÓN, DISTRIBUCIÓN, ETC.
Lugar de publicación, distribución, etc. Ciudad Trujillo, República Dominicana :
Nombre del editor, distribuidor, etc. Impresora Dominicana,
Fecha de publicación, distribución, etc. 1952.
300 ## - DESCRIPCIÓN FÍSICA
Extensión 57 p. ;
Dimensiones 22 cm.
590 ## - NOTA LOCAL (RLIN)
Nota local Inventariado,2020/VM
650 #0 - PUNTO DE ACCESO ADICIONAL DE MATERIA--TÉRMINO DE MATERIA
Término de materia o nombre geográfico como elemento de entrada Poesía dominicana
9 (RLIN) 66
650 #0 - PUNTO DE ACCESO ADICIONAL DE MATERIA--TÉRMINO DE MATERIA
Término de materia o nombre geográfico como elemento de entrada Literatura dominicana.
9 (RLIN) 67
910 ## - DATOS DE OPCIÓN DEL USUARIO (OCLC)
Datos de opción del usuario Validado. Control de calidad BNPHU
942 ## - ELEMENTOS DE PUNTO DE ACCESO ADICIONAL (KOHA)
Fuente del sistema de clasificación o colocación Dewey Decimal Classification
Tipo de ítem Koha Libro
956 ## - LOCALIZACIÓN Y ACCESO ELECTRÓNICOS LOCAL (OCLC)
Nombre del host VMateo
Holdings
Estado de retiro Estado de pérdida Fuente del sistema de clasificación o colocación Restricciones de uso No para préstamo Código de colección Localización permanente Ubicación/localización actual Fecha de adquisición Total de préstamos Signatura topográfica completa Código de barras Fecha visto por última vez Número de copia Precio válido a partir de Tipo de ítem Koha Ubicación en estantería Número de inventario Nota pública
  Extraviado Dewey Decimal Classification Préstamo en sala   Raros y valiosos Biblioteca Nacional Pedro Henríquez Ureña General 06.07.2011   BNPHU DS-RV RD861.44 R696d 1952 11271-30 25.06.2020 e. 3 25.06.2020 Libro      
    Dewey Decimal Classification Excluido de préstamo Excluido de préstamo Raros y valiosos Biblioteca Nacional Pedro Henríquez Ureña Patrimonio Dominicano 15.10.2009   BNPHU PD-RV RD861.44 R696d 1952 11271-10 25.06.2020   25.06.2020 Libro Depósito Perteneció a la biblioteca personal de Martínez Boog.
  Extraviado Dewey Decimal Classification Préstamo restringido Préstamo restrigido Raros y valiosos Biblioteca Nacional Pedro Henríquez Ureña Patrimonio Dominicano 15.10.2009   BNPHU PD-RV RD861.44 R696d 1952 11271-20 25.06.2020 e. 2 25.06.2020 Libro Depósito Perteneció a la biblioteca personal de Martínez Boog.

Powered by Koha